Statistics for GAA All Ireland Football Winning Team 2014

Click here to take the quiz!

General Stats

  • This quiz has been taken 8 times
  • The average score is 14 of 22

Answer Stats

PositionPlayer% Correct
MFD. Moran
100%
LFFJ. O'Donoghue
100%
CFFK. Donaghy
100%
RFBM. Ó Sé
100%
LHFD. Walsh
86%
SUBM. Geaney
86%
RFFP. Geaney
86%
MFA. Maher
71%
SUBB. J. Keane
71%
GKB. Kelly
71%
LFBF. Fitzgerald
71%
RHBP. Murphy
71%
SUBB. Sheehan
57%
SUBD. O'Sullivan
57%
ManagerE. Fitzmaurice
57%
RHFS. O'Brien
57%
CHFJ. Buckley
43%
CHBP. Crowley
43%
SUBS. Enright
43%
LHBK. Young
29%
CFBA. Mahony
0%
SUBK. O'Leary
0%

Score Distribution

Percentile by Number Answered

Percent of People with Each Score

Your Score History

You have not taken this quiz